| Tag |
First Indicator |
Second Indicator |
Subfields |
| LEADER |
00000cam a2200000 4500 |
| 001 |
in00000015378 |
| 005 |
20151007053040.0 |
| 008 |
810623s1962 enk b 00010 eng d |
| 035 |
|
|
|a (OCoLC)07521942
|
| 035 |
|
|
|9 AAB0195AM
|
| 040 |
|
|
|a RETROCON/NYGG (ZYU)
|c ZYU
|d ZYU
|d TXA
|d UtOrBLW
|
| 049 |
|
|
|a TXAM
|c [A11050120]
|
| 050 |
|
4 |
|a DT85
|b .S5 1962
|
| 100 |
1 |
|
|a Smith, William Stevenson.
|
| 245 |
1 |
4 |
|a The Old Kingdom in Egypt and the beginning of the first intermediate period /
|c by W. Stevenson Smith.
|
| 264 |
|
1 |
|a Cambridge :
|b University Press,
|c 1962.
|
| 300 |
|
|
|a 72 pages ;
|c 23 cm.
|
| 336 |
|
|
|a text
|b txt
|2 rdacontent
|
| 337 |
|
|
|a unmediated
|b n
|2 rdamedia
|
| 338 |
|
|
|a volume
|b nc
|2 rdacarrier
|
| 490 |
1 |
|
|a Cambridge ancient history. Rev. ed. ;
|v fasc. 5
|
| 500 |
|
|
|a On cover: Revised edition of volumes 1 & 2.
|
| 500 |
|
|
|a "Volume 1, Chapter 14."
|
| 504 |
|
|
|a Includes bibliography.
|
| 651 |
|
0 |
|a Egypt
|x History
|y To 332 B.C.
|
| 830 |
|
0 |
|a Cambridge ancient history.
|n Rev. ed ;
|v fasc. 5.
|
| 999 |
|
|
|a MARS
|
| 999 |
f |
f |
|s 99e44034-aed8-38c0-9a29-71183a152240
|i f4628b66-8f3c-3578-aeda-34cd4b43217e
|t 0
|
| 952 |
f |
f |
|p ric
|a Texas A&M University
|b Rellis Campus
|c Joint Library Facility
|d Remote Storage
|t 0
|e DT85 .S5 1962
|h Library of Congress classification
|i unmediated -- volume
|m A14811050120
|
| 998 |
f |
f |
|a DT85 .S5 1962
|t 0
|l Remote Storage
|